| 000 | 00417nam a2200145Ia 4500 | ||
|---|---|---|---|
| 008 | 230917s9999||||xx |||||||||||||| ||und|| | ||
| 040 |
_e64127 _aMAIN |
||
| 041 | _aEnglish | ||
| 082 | _a589.3 F919S | ||
| 100 | _aFritsch, F E | ||
| 245 | 4 | _aThe structure and reproduction of the algae. v.2 foreword, phaeophyceac, rhodophyceae myxophyceae | |
| 260 |
_aNew Delhi _bVikas _c1977 |
||
| 300 | _axiv, 937 p. | ||
| 942 | _cBK | ||
| 999 |
_c51576 _d51576 |
||